000 00441nam a22001697a 4500
999 _c1655
_d1654
005 20210828163911.0
008 160525b xxu||||| |||| 00| 0 eng d
020 _a81-7808-589-5
041 _aeng
082 _b4825
_a657
100 _aHarngrem, Sundem and Elliots
_91205
245 _aIntroduction to Fianancial Accounting
260 _aNew Delhi
_bAcademic Faundation
_c2004
300 _a653
650 _aManagement
_9241
942 _cBK